| 000 | 00446nam a2200169 i 4500 | ||
|---|---|---|---|
| 001 | 96276 | ||
| 003 | ES-MaACL | ||
| 005 | 20230906181900.0 | ||
| 007 | t| | ||
| 008 | 050615s1920 fr ||||1| fre d | ||
| 100 | 1 |
_aMaeterlinck, Maurice. _975418 |
|
| 245 | 1 | 3 |
_aLe trésor des humbles / _cMaurice Maeterlinck. |
| 250 | _a116ª ed. | ||
| 260 |
_aParis : _bMercure di France, _c1920. |
||
| 300 |
_a274 p. ; _c19 cm. |
||
| 852 |
_aES-MaACL _jG-9033 |
||
| 999 |
_c96276 _d96276 |
||